| 000 | 00342nam a2200145Ia 4500 | ||
|---|---|---|---|
| 008 | 191201s2008 xx 000 0 und d | ||
| 082 |
_a004.22 _bMAC |
||
| 100 | _aMORRIS MANO, M | ||
| 245 | 0 | _aComputer Systems Architecture | |
| 250 | _a3rd | ||
| 260 |
_aN.Delhi _bPHI _c2008 |
||
| 300 | _a543 | ||
| 650 | _aB.Tech(CSE) | ||
| 942 |
_2ddc _cBK _042 |
||
| 999 |
_c2339 _d2339 |
||